Business Re-engineering in Financial Services (Record no. 1085745)

MARC details
000 -LEADER
fixed length control field 00339nam a2200121Ia 4500
008 - FIXED-LENGTH DATA ELEMENTS--GENERAL INFORMATION
fixed length control field 231228s1994 xx 000 0 und d
041 ## - LANGUAGE CODE
Language code of text/sound track or separate title eng
082 ## - DEWEY DECIMAL CLASSIFICATION NUMBER
Classification number 658.15
Item number DRE
100 ## - MAIN ENTRY--PERSONAL NAME
Personal name DREW (Stephen) (A.W.)
245 ## - TITLE STATEMENT
Title Business Re-engineering in Financial Services
260 ## - PUBLICATION, DISTRIBUTION, ETC.
Place of publication, distribution, etc. London
Name of publisher, distributor, etc. Pitman Publication London
Date of publication, distribution, etc. 1994
300 ## - PHYSICAL DESCRIPTION
Extent VI,299

No items available.